000 01265cam a2200361 a 4500
001 14925679
003 OSt
005 20250610093905.0
008 070712s2007 enka b 001 0 eng d
010 _a 2007277607
015 _aGBA696006
_2bnb
016 7 _a013601550
_2Uk
020 _a9780198828778
035 _a(OCoLC)ocm76360797
040 _aUKM
_cUKM
_dBAKER
_dYDXCP
_dBTCTA
_dNLGGC
_dDLC
042 _alccopycat
050 0 0 _aHD30.4
_b.B79 2007
082 0 4 _a658.0072
_bBRY/B
084 _a85.03
_2bcl
100 _aBryman, Alan
_94038
245 1 0 _aBusiness research methods /
_cAlan Bryman, Emma Bell.
250 _a2nd International ed.
260 _aOxford ;
_cNew York :
_bOxford University Press,
_cc2019.
300 _axxi, 487 p. :
_bill. ;
_c25 cm.
500 _aPrevious ed.: 2003.
504 _aIncludes bibliographical references (p. 735-759) and indexes.
650 0 _aBusiness
_xResearch
_xMethodology.
650 1 7 _aOnderzoeksmethoden.
_2gtt
650 1 7 _aSociaal-wetenschappelijk onderzoek.
_2gtt
700 1 _aBell, Emma,
_d1968-
856 4 2 _3Contributor biographical information
_uhttp://www.loc.gov/catdir/enhancements/fy0737/2007277607-b.html
942 _2ddc
_cBK
_h658.0072
_iBRY/B
_k658.0072
_mBRY/B
999 _c44465
_d44465